| 000 | 01100cam a22003257a 4500 | ||
|---|---|---|---|
| 003 | CHAP | ||
| 005 | 20220329132945.0 | ||
| 008 | 971013s1990 r 00010 d | ||
| 010 | _a653 | ||
| 011 | _a1625 | ||
| 035 | _a801 | ||
| 040 | _cCHAP | ||
| 090 | _aTesis | ||
| 100 | 0 | 0 |
_aRodríguez Gutiérrez, Oswaldo. _998568 |
| 245 | 0 | _aEvaluación del estado mineral de ovinos pastoreando vegetación natural en Venado, San Luis Potosí | |
| 260 |
_aChapingo, Méx. : _bEl autor, _c1990 |
||
| 300 | _a54 h. | ||
| 502 | _aTesis (Ing. Agr. Esp. en Zootecnia) -- UACH. Departamento de Zootecnia | ||
| 590 |
_aALEPH _b10 _c20130110 _lUCH01 _h1206 |
||
| 590 |
_aBATCH-UPD _b10 _c20130110 _lUCH01 _h2047 |
||
| 590 |
_aBATCH-UPD _b10 _c20130410 _lUCH01 _h1401 |
||
| 590 |
_aBATCH-UPD _b10 _c20130914 _lUCH01 _h1531 |
||
| 590 |
_aCONVERSION _b10 _c20130109 _lUCH01 _h1302 |
||
| 650 | 1 | 4 |
_aGanado lanar _xNutrición. _945205 |
| 650 | 1 | 4 |
_aGanado lanar _xSan Luis Potosí. _945221 |
| 650 | 1 | 4 |
_aMinerales en nutrición animal. _975937 |
| 901 | _aBK | ||
| 942 | _cTESIS | ||
| 949 |
_bBC _cTES _d-10260 _eTS1 _h22756 _i801 _si |
||
| 999 |
_c653 _d653 |
||